Gazdálkodás mezógazdasági üzemszervezési és agrarközgazdasági folyóirat

Guardado en:
Detalles Bibliográficos
Formato: Seriadas
Lenguaje:húngaro
Publicado: Budapest Mezógazdasági és Élelmezésügyi Minisztérium 1982
Materias:
Etiquetas: Agregar Etiqueta
Sin Etiquetas, Sea el primero en etiquetar este registro!

MARC

LEADER 00000nas2a22000001 4500
001 s123113
005 20250730114214.7
041 0 |a hun 
044 |a HU 
245 1 0 |a Gazdálkodás  |b mezógazdasági üzemszervezési és agrarközgazdasági folyóirat 
264 1 |a Budapest  |b Mezógazdasági és Élelmezésügyi Minisztérium  |c 1982 
300 |a 2 zv. 
773 0 |w eu_un_cat*s120716 
610 2 0 |a poľnohospodárstvo